000
00285cam a22001097a 4500
008
180718b1962 xxu||||| |||| 00| 0 eng d
082
_a
A42x5441 A/D/1
100
_a
Gujarat. Vidhansabha Sachivalaya
245
_a
Digests of act
260
_a
Ahmedabad
_b
The author
_c
1962
300
_a
34p.
999
_c
488505
_d
488505